00573 2200205 4500001002100000005001500021035002000036007000300056008004100059020002200100082001300122084001900135100001900154245006200173250001100235260004700246300004100293650001700334990001600351INLIS00000000000105220210809065928 a0010-0821000028ta210809 g 1 ind  a978-602-04-2552-8 a741.5592 a741.5592 FUJ c0 aFujiko F Fujio1 aCerita Seram :bCerita Spesial Doraemon /cFujiko F Fujio acet. 1 aJakarta :bPT Elex Media Komputindo,c2017 a217 hlm. :bIlus. ;c11.3 cm X 17 cm aKomik Jepang a00000011170